00666nam a2200169 a 450000100100000000500170001000800410002704000250006810000210009324000610011424501450017526000910032030000280041150000210043970000190046070000170047900003639120200930075715.0120116s1971 ag 000 0 spa d aDO-SdBNPbspacBNPHU1 aEspich, James E.10aDeveloping programmed instructional materialslespañol10aComo preparar temas con instrucción programada :bmanual para programadores /cJames E. Espich ; Bill Williams ; traducción Luisa Kohen. aBuenos Aires :bCentro Regional de Ayuda TécnicabLibrería de las Naciones,c1971. a153 p. :bil. ;c22 cm. aIncluye índice12aWilliams, Bill12aKohen, Luisa